<?xml version="1.0" encoding="UTF-8"?>
<record
    xmlns:xsi="http://www.w3.org/2001/XMLSchema-instance"
    xsi:schemaLocation="http://www.loc.gov/MARC21/slim http://www.loc.gov/standards/marcxml/schema/MARC21slim.xsd"
    xmlns="http://www.loc.gov/MARC21/slim">

  <leader>01340nam a22002777a 4500</leader>
  <controlfield tag="001">1449</controlfield>
  <controlfield tag="005">20231002134527.0</controlfield>
  <datafield tag="020" ind1=" " ind2=" ">
    <subfield code="a">9789995054182</subfield>
  </datafield>
  <datafield tag="040" ind1=" " ind2=" ">
    <subfield code="a">FISKH </subfield>
    <subfield code="b">eng</subfield>
    <subfield code="c">FISKH </subfield>
    <subfield code="d">FISKH </subfield>
  </datafield>
  <datafield tag="082" ind1=" " ind2=" ">
    <subfield code="a">636.9323</subfield>
  </datafield>
  <datafield tag="100" ind1=" " ind2=" ">
    <subfield code="a">Dary, Heng </subfield>
  </datafield>
  <datafield tag="245" ind1=" " ind2=" ">
    <subfield code="a">&#x1780;&#x17B6;&#x179A;&#x1785;&#x1789;&#x17D2;&#x1785;&#x17B9;&#x1798;&#x1787;&#x17D2;&#x179A;&#x17BC;&#x1780;&#x179F;&#x17B6;&#x1785;&#x17CB; / </subfield>
  </datafield>
  <datafield tag="250" ind1=" " ind2=" ">
    <subfield code="a">&#x1794;&#x17C4;&#x17C7;&#x1796;&#x17BB;&#x1798;&#x17D2;&#x1796;&#x179B;&#x17BE;&#x1780;&#x1791;&#x17B8; &#x17E7;&#x200B; &#x1781;&#x17C2;&#x1798;&#x17B7;&#x1793;&#x17B6; &#x1786;&#x17D2;&#x1793;&#x17B6;&#x17C6; &#x17E2;&#x17E0;&#x17E2;&#x17E1;&#x200B; </subfield>
  </datafield>
  <datafield tag="260" ind1=" " ind2=" ">
    <subfield code="a">Phnom Penh : </subfield>
    <subfield code="b">Sipar, </subfield>
    <subfield code="c">2021. </subfield>
  </datafield>
  <datafield tag="300" ind1=" " ind2=" ">
    <subfield code="a">40 pages : </subfield>
    <subfield code="b">color illustrations ; </subfield>
    <subfield code="c">29 cm </subfield>
  </datafield>
  <datafield tag="490" ind1=" " ind2=" ">
    <subfield code="a">&#x1794;&#x17C6;&#x178E;&#x17B7;&#x1793;&#x1787;&#x17B8;&#x179C;&#x17B7;&#x178F; </subfield>
  </datafield>
  <datafield tag="505" ind1=" " ind2=" ">
    <subfield code="a">Z' 
</subfield>
  </datafield>
  <datafield tag="520" ind1=" " ind2=" ">
    <subfield code="a">&#x1794;&#x1784;&#x17D2;&#x17A0;&#x17B6;&#x1789;&#x1796;&#x17B8;&#x179A;&#x200B;&#x1794;&#x17C0;&#x1794;&#x1792;&#x17D2;&#x179C;&#x17BE;&#x1791;&#x17D2;&#x179A;&#x17BB;&#x1784;&#x200B; &#x179A;&#x17A0;&#x17BC;&#x178F;&#x178A;&#x179B;&#x17CB;&#x1780;&#x17B6;&#x179A;&#x1790;&#x17C2;&#x1791;&#x17B6;&#x17C6;&#x179F;&#x17BB;&#x1781;&#x1797;&#x17B6;&#x1796;&#x1787;&#x17D2;&#x179A;&#x17BC;&#x1780; &#x1793;&#x17B7;&#x1784;&#x1798;&#x17B6;&#x1793;&#x179C;&#x17B7;&#x1792;&#x17B8;&#x1792;&#x17D2;&#x179C;&#x17BE;&#x1798;&#x17D2;&#x17A0;&#x17BC;&#x1794;&#x179F;&#x17B6;&#x1798;&#x1789;&#x17D2;&#x1789;&#x17D7;&#x1796;&#x17B8;&#x179F;&#x17B6;&#x1785;&#x17CB;&#x1787;&#x17D2;&#x179A;&#x17BC;&#x1780; &#x179F;&#x1798;&#x17D2;&#x179A;&#x17B6;&#x1794;&#x17CB;&#x1794;&#x179A;&#x17B7;&#x1797;&#x17C4;&#x1782;&#x1780;&#x17D2;&#x1793;&#x1784;&#x17BB;&#x1782;&#x17D2;&#x179A;&#x17BD;&#x179F;&#x17B6;&#x179A;&#x17D4; </subfield>
    <subfield code="u">  </subfield>
  </datafield>
  <datafield tag="520" ind1=" " ind2=" ">
    <subfield code="a">Demonstrate how to make a cage, take care of pigs and simple recipes from pork for family consumption.</subfield>
  </datafield>
  <datafield tag="521" ind1=" " ind2=" ">
    <subfield code="a">1120 
</subfield>
    <subfield code="b">Lexile estimate
</subfield>
  </datafield>
  <datafield tag="521" ind1=" " ind2=" ">
    <subfield code="a">Z'
</subfield>
    <subfield code="b">Raz-Plus 
</subfield>
  </datafield>
  <datafield tag="650" ind1=" " ind2=" ">
    <subfield code="a">&#x1787;&#x17D2;&#x179A;&#x17BC;&#x1780; </subfield>
    <subfield code="v">&#x1798;&#x17D2;&#x17A0;&#x17BC;&#x1794; </subfield>
    <subfield code="x">&#x179F;&#x17B6;&#x1785;&#x17CB;&#x1787;&#x17D2;&#x179A;&#x17BC;&#x1780; </subfield>
  </datafield>
  <datafield tag="650" ind1=" " ind2=" ">
    <subfield code="a">Pig  </subfield>
    <subfield code="v">Food </subfield>
    <subfield code="x">Pork</subfield>
  </datafield>
  <datafield tag="700" ind1=" " ind2=" ">
    <subfield code="a">Sophaleap, Nhoek </subfield>
    <subfield code="c">illustrator </subfield>
  </datafield>
  <datafield tag="942" ind1=" " ind2=" ">
    <subfield code="2">ddc</subfield>
    <subfield code="c">BK</subfield>
    <subfield code="n">0</subfield>
  </datafield>
  <datafield tag="999" ind1=" " ind2=" ">
    <subfield code="c">1449</subfield>
    <subfield code="d">1449</subfield>
  </datafield>
  <datafield tag="952" ind1=" " ind2=" ">
    <subfield code="0">0</subfield>
    <subfield code="1">0</subfield>
    <subfield code="2">ddc</subfield>
    <subfield code="4">0</subfield>
    <subfield code="7">0</subfield>
    <subfield code="8">KH</subfield>
    <subfield code="a">002</subfield>
    <subfield code="b">002</subfield>
    <subfield code="c">SKB</subfield>
    <subfield code="d">2023-08-25</subfield>
    <subfield code="l">1</subfield>
    <subfield code="o">DAR 636.9323</subfield>
    <subfield code="p">2023-0365</subfield>
    <subfield code="r">2026-03-31 14:58:23</subfield>
    <subfield code="s">2026-03-02</subfield>
    <subfield code="t">1</subfield>
    <subfield code="w">2023-08-25</subfield>
    <subfield code="y">BK</subfield>
  </datafield>
  <datafield tag="952" ind1=" " ind2=" ">
    <subfield code="0">0</subfield>
    <subfield code="1">0</subfield>
    <subfield code="2">ddc</subfield>
    <subfield code="4">0</subfield>
    <subfield code="7">0</subfield>
    <subfield code="8">KH</subfield>
    <subfield code="a">001</subfield>
    <subfield code="b">001</subfield>
    <subfield code="c">RHTK2</subfield>
    <subfield code="d">2023-08-25</subfield>
    <subfield code="l">0</subfield>
    <subfield code="o">DAR 636.9323</subfield>
    <subfield code="p">2023-0366</subfield>
    <subfield code="r">2023-08-25 10:32:49</subfield>
    <subfield code="t">2</subfield>
    <subfield code="w">2023-08-25</subfield>
    <subfield code="y">BK</subfield>
  </datafield>
</record>
